000 01227cam a2200349Li 4500
001 96792
005 20230411090056.0
008 750101s1974 cu 000 0 und d
035 _a(OCoLC)ocn462718155
040 _aBDF
_bfre
_cBDF
_dZWZ
015 _a57408935
_2bnf
016 7 _aFRBNF35183753000000X
_2FrPBN
029 1 _aZWZ
_b001826204
035 _a(OCoLC)462718155
049 _aGRAL
100 1 _aMalavé Mata, Héctor,
_d1930-....
_4aut
245 1 0 _aFormación histórica del antidesarrollo de Venezuela /
_cHéctor Malavé Mata.
260 _aLa Habana :
_bCasa de las Américas,
_c1974.
300 _a274 p. ;
_c19 cm.
490 0 _aCollección Premio
651 7 _aVenezuela
_xConditions économiques.
_2ram
651 7 _aVenezuela
_xConditions sociales.
_2ram
856 4 2 _3Notice et cote du catalogue de la Bibliothéque nationale de France
_uhttp://catalogue.bnf.fr/ark:/12148/cb351837534
886 1 _2intermrc
_a009
_bax-x---------------
886 2 _2intermrc
_a680
_b5-
_a93
886 2 _2intermrc
_a917
_b--
_oOPL
_a009575867
886 2 _2intermrc
_a918
_b--
_oOPL
_a00001632
_bMON004
886 2 _2intermrc
_a919
_b--
_pFR
_oNCG
_aN5004410000
942 _2lcc
_cbk
994 _aC0
_bDRFGD
946 _aJP
999 _c112036
_d112036